[Event "FRA-ch opB"]
[Site "Val d'Isere"]
[Date "2004.08.??"]
[Round "8"]
[White "Bessat, Remy"]
[Black "Bornhauser, Eric"]
[Result "1/2-1/2"]
[WhiteElo "1958"]
[BlackElo "1910"]
[PlyCount "61"]
[EventDate "2004.08.16"]
[EventType "swiss"]
[EventRounds "9"]
[EventCountry "FRA"]
[SourceTitle "EXT 2005"]
[Source "ChessBase"]
[SourceDate "2004.11.15"]
[SourceVersion "1"]
[SourceVersionDate "2004.11.15"]
[SourceQuality "1"]

1. e4 c5 2. Nf3 d6 3. c3 Nf6 4. Be2 g6 5. 0-0 Bg7 6. e5 dxe5 7. Nxe5 0-0 8. a4 Qc7 9. Nc4 Nc6 10. Nba3 a6 11. d3 Nd5 12. Qb3 e5 13. Bf3 Be6 14. Bxd5 Bxd5 15. Qb6 Qxb6 16. Nxb6 Rad8 17. Bg5 f6 18. Be3 Bb3 19. Bxc5 Rfe8 20. Nac4 Bf8 21. Bxf8 Kxf8 22. f4 Kg7 23. fxe5 fxe5 24. Rf3 Bc2 25. b4 Bxd3 26. b5 e4 27. Rxd3 exd3 28. bxc6 d2 29. Nxd2 Rxd2 30. c7 Ree2 31. c8Q 1/2-1/2

[Event "FRA-ch opB"]
[Site "Val d'Isere"]
[Date "2004.08.??"]
[Round "7"]
[White "Bornhauser, Eric"]
[Black "Giraud, Sylvain"]
[Result "0-1"]
[WhiteElo "1910"]
[BlackElo "1850"]
[PlyCount "111"]
[EventDate "2004.08.16"]
[EventType "swiss"]
[EventRounds "9"]
[EventCountry "FRA"]
[SourceTitle "EXT 2005"]
[Source "ChessBase"]
[SourceDate "2004.11.15"]
[SourceVersion "1"]
[SourceVersionDate "2004.11.15"]
[SourceQuality "1"]

1. e4 c6 2. Nc3 d5 3. d4 dxe4 4. Nxe4 Bf5 5. Ng3 Bg6 6. Nf3 e6 7. h4 h6 8. Ne5 Ne7 9. Nxg6 Nxg6 10. h5 Ne7 11. c3 Nd7 12. Qb3 Qc7 13. Rh4 Nd5 14. Ne4 Be7 15. Rh3 0-0-0 16. Bd2 N7f6 17. Nxf6 Bxf6 18. 0-0-0 Nf4 19. Rh1 Rd5 20. g3 Nxh5 21. Bc4 Ra5 22. Be2 g6 23. Rh3 Ng7 24. Rxh6 Rxh6 25. Bxh6 Bg5+ 26. Bxg5 Rxg5 27. Rh1 Qd8 28. Rh7 Qg8 29. Rh2 Nf5 30. Qd1 Nd6 31. Qh1 Qg7 32. Rh8+ Kc7 33. Qh7 Qxh7 34. Rxh7 Rf5 35. f4 Kd7 36. Bd3 Rf6 37. Kd2 Nf5 38. g4 Ne7 39. f5 gxf5 40. gxf5 Nxf5 41. Rh8 Rh6 42. Ra8 Rh2+ 43. Kc1 Nd6 44. Rxa7 f5 45. c4 Kc7 46. Ra5 Rh4 47. c5 Nf7 48. Ra4 Ng5 49. Kd2 f4 50. Rb4 Rh2+ 51. Ke1 f3 52. Rb3 f2+ 53. Kf1 Nf3 54. Ke2 Nxd4+ 55. Kf1 Nxb3 56. axb3 0-1